LEADER 01336nam a2200241 i 4500 001 000000184188 003 CaOOAMICUS 005 20250128111642.0 008 091218s1982 it u000 u ita u 040 $aSeMil$bita 100 1 $aVitolo, Giovanni,$d<1948- >.$0(OLS)http://semarc/name/67701 245 10$aIstituzioni ecclesiastiche e vita religiosa dei laici nel Mezzogiorno medievale :$bil codice della Confraternita di S. Maria di Montefusco (sec. 12.) /$cGiovanni Vitolo. 264 1$aRoma :$bHerder,$c1982. 300 $aXVI, 208 p. ;$c24 cm. 490 1 $aItalia sacra : studi e documenti di storia ecclesiastica ;$v34 650 4$aItalia meridionale - Storia religiosa - Medioevo.$0(OLS)http://semarc/subject/57024 650 4$aConfraternite - Montefusco - Santa Maria - Fonti.$0(OLS)http://semarc/subject/34801 830 0$aItalia sacra :$bstudi e documenti di storia ecclesiastica ;$v34.$0(OLS)http://semarc/title/159 850 $aSeMil 852 $aSeMil$W1$xVenegono$y1$m3TA I 34$j254117$B134884$CSeMilBibl$Z2$F146515 $81 996 $6245$aIstituzioni ecclesiastiche e vita religiosa dei laici nel Mezzogiorno medievale :$bil codice della Confraternita di S. Maria di Montefusco (sec. 12.)$9(OLS)http://semarc/title/264383 996 $6264$aRoma :$bHerder$9(OLS)http://semarc/publisher/29637 LEADER 01047nam a2200229 i 4500 001 000000200544 003 CaOOAMICUS 005 20141021000000.0 008 141021s1962 it u000 u ita u 013 $a179244 040 $aSeMil$bita 100 1 $aBergamini, Augusto,$c.$0(OLS)http://semarc/name/33224 245 10$aPerche il mondo creda :$bmeditazioni ed esami di coscienza sulla pratica dell'amore fraterno fino all'unita consumata /$cAugusto Bergamini. 260 $aRocca di Papa :$bMondo migliore,$cimprim. 1962. 300 $a278 p. ;$c17 cm. 500 $aFondo card. Giovanni Colombo. 850 $aSeMil 852 $aSeMil$W1$xVenegono$y1$m3GC VI 114$j151073$B151073$CSeMilBibl$Z2$F162373 $8B 941 1 $a3 961 $aLascito: Colombo Card. Giovanni 996 $6245$aPerche il mondo creda :$bmeditazioni ed esami di coscienza sulla pratica dell'amore fraterno fino all'unita consumata$9(OLS)http://semarc/title/290008 996 $6260$aRocca di Papa :$bMondo migliore$9(OLS)http://semarc/publisher/40339 LEADER 01042nam a2200241 i 4500 001 000000082581 003 CaOOAMICUS 005 20180725000000.0 008 180725s2002 it u000 u ita u 013 $a54821 040 $aSeMil$bita 100 1 $aAmelli, Cesare.$0(OLS)http://semarc/name/18240 245 10$aPresenza e testimonianza della Comunità Melegnanese negli anni del Giubileo /$cCesare Amelli. 250 $a1. rist. 260 $a[S.l. :$bs.n.],$c2002$e(Melegnano :$fGemini Grafica Editrice,$g2002) 300 $a223 p. ;$c26 cm. 500 $aIn custodia. - Copia n. 205 di ed. num. in 300 esemplari. 650 4$aMelegnano - Storia religiosa.$0(OLS)http://semarc/subject/45593 850 $aSeMil 852 $aSeMil$W1$xVenegono$y1$m3P IV 449$j211646$B225089$CSeMilBibl$Z2$F225089 $81 961 $aGiacomoni Silvia - Omaggio 996 $6245$aPresenza e testimonianza della Comunità Melegnanese negli anni del Giubileo$9(OLS)http://semarc/title/405157 996 $6260$a[S.l. :$bs.n.]$9(OLS)http://semarc/publisher/29751